Bramble and Maggie: Spooky Season / (Record no. 266093)
[ view plain ]
| 000 -LEADER | |
|---|---|
| fixed length control field | 00239nam a22000977a 4500 |
| 020 ## - INTERNATIONAL STANDARD BOOK NUMBER | |
| ISBN | 9780763664503 |
| 100 ## - MAIN ENTRY--AUTHOR NAME | |
| Personal name | Jessie Haas |
| 245 ## - TITLE STATEMENT | |
| Title | Bramble and Maggie: Spooky Season / |
| 260 ## - PUBLICATION, DISTRIBUTION, ETC. (IMPRINT) | |
| Place of publication | Somerville |
| Name of publisher | Candlewick Press |
| Year of publication | 2012. |
| 942 ## - ADDED ENTRY ELEMENTS (KOHA) | |
| Koha item type | Long Loan Books |
| Withdrawn status | Lost status | Collection code | Home library | Current library | Shelving location | Date acquired | Accession Number | Koha item type |
|---|---|---|---|---|---|---|---|---|
| Fiction | Rongo University Library | Rongo University Library | Children's Area | 30/03/2026 | CL20250210 | Long Loan Books |
